000 00525nam a2200181 a 4500
001 000040788
005 20201002034359.0
008 130906s2007 sp 000 0 spa d
020 _a9788498156881
040 _aDO-SdBNP
_bspa
_cBNPHU
082 _axxxxxxxx
_bxxxxxxxx
100 1 _aClarín, Leopoldo Alas
_d1852-1901
_967207
245 1 0 _aDoña berta /
_cLeopoldo Alas Clarín.
260 _aMadrid :
_bEl País,
_c2007.
300 _a139 p. ;
_c19 cm.
490 1 _aRelatos breves
_v04
830 0 _aRelatos breves
_n04
_967208
999 _c40278
_d40278